Manual de ornamentación : (Record no. 103863)
[ view plain ]
| 000 -LEADER | |
|---|---|
| campo de control de longitud fija | 00637nam a2200193 i 4500 |
| 001 - NÚMERO DE CONTROL | |
| campo de control | 103863 |
| 003 - IDENTIFICADOR DE NÚMERO DE CONTROL | |
| campo de control | ES-MaACL |
| 005 - FECHA Y HORA DE LA ÚLTIMA TRANSACCIÓN | |
| campo de control | 20250812082608.0 |
| 007 - CAMPO FIJO DE DESCRIPCIÓN FÍSICA--INFORMACIÓN GENERAL | |
| campo de control de longitud fija | t| |
| 008 - DATOS DE LONGITUD FIJA--INFORMACIÓN GENERAL | |
| campo de control de longitud fija | 051118s1971 sp af |||| | spa d |
| 100 1# - ENTRADA PRINCIPAL--NOMBRE DE PERSONA | |
| Nombre de persona | Meyer, Franz Sales. |
| 9 (RLIN) | 80788 |
| 245 10 - MENCIÓN DEL TÍTULO | |
| Título | Manual de ornamentación : |
| Resto del título | ordenado sistemáticamente para uso de dibujantes, arquitectos / |
| Mención de responsabilidad, etc. | Franz S.M. ; versión E. de E. |
| 250 ## - MENCION DE EDICION | |
| Mención de edición | 5ª ed. amp. |
| 260 ## - PUBLICACIÓN, DISTRIBUCIÓN, ETC. | |
| Lugar de publicación, distribución, etc. | Barcelona : |
| Nombre del editor, distribuidor, etc. | Gustavo Gili, |
| Fecha de publicación, distribución, etc. | 1971. |
| 300 ## - DESCRIPCIÓN FÍSICA | |
| Extensión | 789 p., 101 lám. : |
| Otras características físicas | il. ; |
| Dimensiones | 23 cm. |
| 650 #7 - PUNTO DE ACCESO ADICIONAL DE MATERIA--TÉRMINO DE MATERIA | |
| Término de materia o nombre geográfico como elemento de entrada | Artes decorativas |
| Fuente del encabezamiento o término | embne |
| 9 (RLIN) | 135625 |
| 852 4# - LOCALIZACIÓN | |
| Ubicación | ES-MaACL |
| Número de control de estantería | E-6622 |
| Estatus retirado | Estado de pérdida | Estado de daño | No para préstamo | Biblioteca de origen | Biblioteca actual | Ubicación en estantería | Fecha de adquisición | Fuente de adquisición | Total de préstamos | Signatura topográfica completa | Código de barras | Visto por última vez | Precio de reemplazo | Tipo de ítem Koha |
|---|---|---|---|---|---|---|---|---|---|---|---|---|---|---|
| Biblioteca del Ateneo de Madrid | Biblioteca del Ateneo de Madrid | Depósito 2 | 17/01/2008 | E-6622 | 1108438 | 23/02/2023 | 23/02/2023 | Libro impreso |
